000 00639nam a2200205 a 4500
005 20240806063831.0
008 991125s1986 mx 000 0 spa u
035 _aUPN01000000131
049 _aF
050 4 _aPQ7297 R89
_bA229
100 1 _aRulfo, Juan,
_d1918-1986
245 1 0 _aA binton doko' ni ka' = Nos han dado la tierra /
_cJuan Rulfo ; tr. Primo Pérez Hernández.
260 _aMéxico :
_bINI,
_c1986.
300 _a12 p. :
_bil.
440 0 _aCuadernos literarios lengua chontal ;
_vIV-I
500 _aDatos tomados de la cubierta
650 4 _aLiteratura mexicana
_94466
740 0 _aNos han dado la tierra
905 _aLibro
999 _c131
_d131